[Event "4NCL/Div1/BAR1 vs. BRI1"]
[Site "Wokefield Park ENG"]
[Date "2007.05.05"]
[Round "9.1"]
[White "Parker, Jonathan"]
[Black "Werle, Jan"]
[Result "1/2-1/2"]
[WhiteElo "2521"]
[BlackElo "2556"]
[PlyCount "40"]
[EventDate "2007.05.05"]
[EventType "team"]
[EventRounds "11"]
[EventCountry "ENG"]
[WhiteTeam "Barbican 4NCL 1"]
[BlackTeam "Bristol 1"]

1. d4 Nf6 2. c4 e6 3. Nc3 Bb4 4. e3 O-O 5. Bd3 d5 6. cxd5 exd5 7. Nge2 Re8 8.
O-O Bf8 9. Qc2 a5 10. Bd2 Na6 11. a3 c6 12. f3 c5 13. Rad1 Bd7 14. dxc5 Nxc5
15. Bc1 Rc8 16. Nf4 g6 17. Bb5 Bxb5 18. Nxb5 Qb6 19. Nd4 Ne6 20. Qf2 Nxd4
1/2-1/2

[Event "4NCL/Div1/BAR1 vs. BRI1"]
[Site "Wokefield Park ENG"]
[Date "2007.05.05"]
[Round "9.3"]
[White "Palliser, Richard"]
[Black "Cobb, Charles"]
[Result "1/2-1/2"]
[WhiteElo "2414"]
[BlackElo "2407"]
[PlyCount "39"]
[EventDate "2007.05.05"]
[EventType "team"]
[EventRounds "11"]
[EventCountry "ENG"]
[WhiteTeam "Barbican 4NCL 1"]
[BlackTeam "Bristol 1"]

1. d4 e6 2. c4 Nf6 3. Nc3 d5 4. cxd5 Nxd5 5. e4 Nxc3 6. bxc3 c5 7. Nf3 cxd4 8.
cxd4 Bb4+ 9. Bd2 Bxd2+ 10. Qxd2 O-O 11. Bc4 b6 12. d5 Ba6 13. Bxa6 Nxa6 14. O-O
Nc5 15. Rfe1 f5 16. exf5 Rxf5 17. dxe6 Qxd2 18. Nxd2 Re8 19. Nb3 Rxe6 20. Rxe6
1/2-1/2

[Event "4NCL/Div1/BAR1 vs. BRI1"]
[Site "Wokefield Park ENG"]
[Date "2007.05.05"]
[Round "9.4"]
[White "Beaumont, Chris"]
[Black "Cox, John J"]
[Result "1-0"]
[WhiteElo "2312"]
[BlackElo "2411"]
[PlyCount "85"]
[EventDate "2007.05.05"]
[EventType "team"]
[EventRounds "11"]
[EventCountry "ENG"]
[WhiteTeam "Bristol 1"]
[BlackTeam "Barbican 4NCL 1"]

1. Nf3 d5 2. d4 Nf6 3. c4 dxc4 4. e3 e6 5. Bxc4 c5 6. O-O a6 7. Qe2 b5 8. Bd3
cxd4 9. exd4 Be7 10. Nc3 Bb7 11. Bg5 O-O 12. Rad1 Nbd7 13. Ne5 b4 14. Na4 Nxe5
15. dxe5 Nd5 16. Bh6 gxh6 17. Qe4 f5 18. exf6 Nxf6 19. Qxb7 Qe8 20. Bc4 Qxa4
21. Qxe7 Rae8 22. Bxe6+ Kh8 23. Qd6 Qc2 24. Qxb4 Rb8 25. Rd2 Rxb4 26. Rxc2 Rfb8
27. b3 a5 28. Rfc1 Re4 29. Bf5 Re5 30. Rc5 Rbe8 31. Rxe5 Rxe5 32. Bd3 Rd5 33.
Rd1 Ne4 34. Be2 Re5 35. Rd8+ Kg7 36. Rd7+ Kh8 37. Bc4 Nc3 38. g3 Nxa2 39. Kg2
Nc3 40. Bd3 Kg8 41. Bxh7+ Kf8 42. Bd3 a4 43. Rc7 1-0

[Event "4NCL/Div1/BAR1 vs. BRI1"]
[Site "Wokefield Park ENG"]
[Date "2007.05.05"]
[Round "9.6"]
[White "Buckley, David E"]
[Black "Rogers, Jonathan W"]
[Result "1/2-1/2"]
[WhiteElo "2236"]
[BlackElo "2364"]
[PlyCount "38"]
[EventDate "2007.05.05"]
[EventType "team"]
[EventRounds "11"]
[EventCountry "ENG"]
[WhiteTeam "Bristol 1"]
[BlackTeam "Barbican 4NCL 1"]

1. e4 e5 2. Nf3 Nc6 3. Bb5 Bc5 4. O-O Nd4 5. Nxd4 Bxd4 6. c3 Bb6 7. d4 c6 8.
Bc4 d6 9. Be3 Nf6 10. dxe5 dxe5 11. Bxb6 Qxd1 12. Rxd1 axb6 13. Nd2 b5 14. Bb3
Nd7 15. a4 bxa4 16. Bxa4 Nb6 17. Bb3 Rxa1 18. Rxa1 Ke7 19. Kf1 Rd8 1/2-1/2

[Event "4NCL/Div1/BAR1 vs. BRI1"]
[Site "Wokefield Park ENG"]
[Date "2007.05.05"]
[Round "9.7"]
[White "Knott, Simon"]
[Black "Dilleigh, Stephen P"]
[Result "1/2-1/2"]
[WhiteElo "2377"]
[BlackElo "2120"]
[PlyCount "62"]
[EventDate "2007.05.05"]
[EventType "team"]
[EventRounds "11"]
[EventCountry "ENG"]
[WhiteTeam "Barbican 4NCL 1"]
[BlackTeam "Bristol 1"]

1. Nf3 Nf6 2. c4 e6 3. Nc3 d5 4. d4 Be7 5. Bg5 O-O 6. e3 h6 7. Bh4 b6 8. cxd5
Nxd5 9. Bxe7 Qxe7 10. Nxd5 exd5 11. Bd3 Be6 12. O-O Nd7 13. Rc1 c5 14. dxc5
bxc5 15. e4 dxe4 16. Bxe4 Rab8 17. b3 Nf6 18. Re1 Nxe4 19. Rxe4 Rfd8 20. Qe1
Rd5 21. Re5 Rbd8 22. Rxd5 Rxd5 23. Qc3 Qd6 24. Re1 Rd1 25. h3 Rxe1+ 26. Qxe1 c4
27. bxc4 Bxc4 28. Qe8+ Qf8 29. Qa4 Qc5 30. Qe8+ Qf8 31. Qa4 Qc5 1/2-1/2

[Event "4NCL/Div1/BAR1 vs. BRI1"]
[Site "Wokefield Park ENG"]
[Date "2007.05.05"]
[Round "9.8"]
[White "Menard, Marie"]
[Black "Lauterbach, Ingrid"]
[Result "0-1"]
[WhiteElo "1824"]
[BlackElo "2142"]
[PlyCount "76"]
[EventDate "2007.05.05"]
[EventType "team"]
[EventRounds "11"]
[EventCountry "ENG"]
[WhiteTeam "Bristol 1"]
[BlackTeam "Barbican 4NCL 1"]

1. e4 d6 2. d4 g6 3. Nf3 Bg7 4. Nc3 a6 5. Bd3 Bg4 6. d5 c5 7. h3 Bxf3 8. Qxf3
b5 9. O-O Nd7 10. Re1 Ngf6 11. a3 O-O 12. Na2 c4 13. Bf1 Nc5 14. Nb4 Qc7 15.
Rb1 Nfd7 16. Bd2 Na4 17. b3 Nab6 18. Bc3 cxb3 19. Rxb3 Ne5 20. Qg3 Na4 21. Ba1
Qb6 22. Kh1 Nc5 23. Rbb1 Qc7 24. f4 Ned7 25. Bxg7 Kxg7 26. e5 Nb6 27. Rbd1 Nca4
28. Bd3 Nc3 29. Rd2 a5 30. Nc6 Nbxd5 31. Nd4 e6 32. f5 dxe5 33. fxe6 exd4 34.
Qg4 Qc5 35. Rf2 Ne3 36. Qh4 fxe6 37. Rxf8 Rxf8 38. Qe4 Qd5 0-1

[Event "4NCL/Div1/AD vs. BET"]
[Site "Wokefield Park ENG"]
[Date "2007.05.05"]
[Round "9.2"]
[White "Pert, Richard G"]
[Black "Rogers, Ian"]
[Result "1/2-1/2"]
[WhiteElo "2455"]
[BlackElo "2513"]
[PlyCount "48"]
[EventDate "2007.05.05"]
[EventType "team"]
[EventRounds "11"]
[EventCountry "ENG"]
[WhiteTeam "Betsson.com"]
[BlackTeam "The ADs"]

1. d4 Nf6 2. Bg5 e6 3. e4 c5 4. d5 h6 5. Bxf6 Qxf6 6. Nc3 a6 7. Nf3 d6 8. a4
Nd7 9. Be2 Be7 10. O-O O-O 11. Nd2 e5 12. a5 g6 13. Nc4 Qg5 14. Ra3 Nf6 15. Bf3
h5 16. Na4 Bg4 17. Nab6 Rad8 18. Qd2 Nh7 19. Bd1 Qxd2 20. Nxd2 Bxd1 21. Rxd1 f5
22. exf5 gxf5 23. f4 e4 24. Ndc4 Nf6 1/2-1/2

[Event "4NCL/Div1/AD vs. BET"]
[Site "Wokefield Park ENG"]
[Date "2007.05.05"]
[Round "9.3"]
[White "Cernousek, Lukas"]
[Black "Ledger, Andrew J"]
[Result "0-1"]
[WhiteElo "2411"]
[BlackElo "2413"]
[PlyCount "108"]
[EventDate "2007.05.05"]
[EventType "team"]
[EventRounds "11"]
[EventCountry "ENG"]
[WhiteTeam "The ADs"]
[BlackTeam "Betsson.com"]

1. e4 c6 2. c4 d5 3. exd5 cxd5 4. cxd5 Nf6 5. Nc3 Nxd5 6. Bb5+ Bd7 7. Qb3 Nb6
8. Nf3 Bxb5 9. Qxb5+ Qd7 10. a4 Na6 11. d3 Nc7 12. Qb3 Qe6+ 13. Qxe6 Nxe6 14.
Be3 g6 15. Ke2 Bg7 16. a5 Nd7 17. a6 b6 18. Rhc1 Ndc5 19. Ra3 Nc7 20. Rca1 O-O
21. d4 N5e6 22. Ne5 Bxe5 23. dxe5 Rfd8 24. Ra4 Nd5 25. Rc4 Nxc3+ 26. Rxc3 Rd5
27. f4 Rb5 28. b3 Rd8 29. Ra4 f5 30. exf6 exf6 31. Re4 Kf7 32. b4 f5 33. Rec4
Rd7 34. Rd3 Ke7 35. Bd2 Rxd3 36. Kxd3 Kd7 37. Rc2 Rd5+ 38. Kc4 Rd4+ 39. Kc3 Kc6
40. Be3 Re4 41. Kd3+ Kb5 42. Rc8 Rxb4 43. Rh8 Nxf4+ 44. Bxf4 Rxf4 45. Rxh7 Kxa6
46. Rg7 Rg4 47. g3 b5 48. Ke3 b4 49. Rg8 Kb7 50. Rg7+ Kb6 51. Rg8 a5 52. Kf3
Kb5 53. h3 Rc4 54. Rxg6 b3 0-1

[Event "4NCL/Div1/AD vs. BET"]
[Site "Wokefield Park ENG"]
[Date "2007.05.05"]
[Round "9.4"]
[White "Webb, Laurence E"]
[Black "Jirka, Jiri"]
[Result "0-1"]
[WhiteElo "2300"]
[BlackElo "2367"]
[PlyCount "128"]
[EventDate "2007.05.05"]
[EventType "team"]
[EventRounds "11"]
[EventCountry "ENG"]
[WhiteTeam "Betsson.com"]
[BlackTeam "The ADs"]

1. e4 e5 2. Nf3 Nc6 3. d4 exd4 4. Bc4 Nf6 5. e5 d5 6. Bb5 Ne4 7. Nxd4 Bd7 8.
Bxc6 bxc6 9. O-O Bc5 10. f3 Ng5 11. f4 Ne4 12. Be3 Bb6 13. Nd2 c5 14. Ne2 Nxd2
15. Qxd2 d4 16. Bf2 O-O 17. c4 f6 18. Bh4 Qe8 19. exf6 Qh5 20. Bg3 Rxf6 21. Nc1
Re8 22. Nd3 Re2 23. Qd1 Bg4 24. Qa4 Bf5 25. Qd1 Qe8 26. Rf2 Rxf2 27. Bxf2 Qe4
28. Ne5 Qxf4 29. Bg3 Qe3+ 30. Kh1 d3 31. Qe1 Qxe1+ 32. Bxe1 Be4 33. Kg1 c6 34.
Bc3 Rd6 35. Re1 Bf5 36. g4 Be6 37. Rd1 Bd8 38. b3 Bf6 39. Kf2 h5 40. gxh5 Bh4+
41. Ke3 Bg5+ 42. Kf3 d2 43. h4 Bh6 44. Ke4 Bh3 45. Ba5 Bg2+ 46. Kf5 Rd4 47. Ke6
Kf8 48. Nd7+ Ke8 49. Nxc5 Bf3 50. Ke5 Rxh4 51. Rxd2 Rxh5+ 52. Kd4 Bxd2 53. Bxd2
g5 54. Ne6 Rh4+ 55. Kc5 g4 56. Bf4 Kd7 57. Nf8+ Kc8 58. Ne6 Rh5+ 59. Kd4 Rh1
60. Ng7 Ra1 61. a4 Rb1 62. Kc3 Bd1 63. b4 Bxa4 64. c5 g3 0-1

[Event "4NCL/Div1/AD vs. BET"]
[Site "Wokefield Park ENG"]
[Date "2007.05.05"]
[Round "9.5"]
[White "Richardson, John R"]
[Black "Duncan, Christopher R"]
[Result "1-0"]
[WhiteElo "2298"]
[BlackElo "2303"]
[PlyCount "115"]
[EventDate "2007.05.05"]
[EventType "team"]
[EventRounds "11"]
[EventCountry "ENG"]
[WhiteTeam "The ADs"]
[BlackTeam "Betsson.com"]

1. d4 d5 2. Nf3 Nf6 3. Bf4 c5 4. c3 Nc6 5. dxc5 e6 6. b4 a5 7. b5 Nb8 8. e3
Bxc5 9. Nbd2 O-O 10. Be2 Nbd7 11. O-O Re8 12. c4 h6 13. Bg3 Bb6 14. Rc1 a4 15.
Qc2 Qe7 16. Rfd1 Nc5 17. Bh4 Bd7 18. Ne5 g5 19. Bg3 Rec8 20. Bf3 Be8 21. Qb1
Rd8 22. Qa1 Nce4 23. Nxe4 dxe4 24. Be2 Bc5 25. h4 Ba3 26. Rb1 Rac8 27. hxg5
hxg5 28. Rxd8 Rxd8 29. Bd1 Bd6 30. Bxa4 Nh5 31. Bh2 f6 32. Ng4 Bxh2+ 33. Nxh2
Kf7 34. Rd1 Ng7 35. Rxd8 Qxd8 36. Qd1 Qxd1+ 37. Bxd1 Ke7 38. Nf1 Kd6 39. Nd2
Kc5 40. Be2 Bg6 41. a3 e5 42. Nb3+ Kd6 43. c5+ Kd5 44. c6 bxc6 45. b6 Kd6 46.
a4 Bf7 47. a5 Bxb3 48. a6 c5 49. a7 Bd5 50. Ba6 Ne6 51. b7 Bxb7 52. Bxb7 Nc7
53. Bxe4 c4 54. Kf1 Kc5 55. Ke2 Kb4 56. Kd2 Kb3 57. Kc1 Kc3 58. g4 1-0

[Event "4NCL/Div1/AD vs. BET"]
[Site "Wokefield Park ENG"]
[Date "2007.05.05"]
[Round "9.6"]
[White "Eames, Robert G"]
[Black "Snape, Ian"]
[Result "1/2-1/2"]
[WhiteElo "2297"]
[BlackElo "2261"]
[PlyCount "34"]
[EventDate "2007.05.05"]
[EventType "team"]
[EventRounds "11"]
[EventCountry "ENG"]
[WhiteTeam "Betsson.com"]
[BlackTeam "The ADs"]

1. e4 c5 2. c3 Nf6 3. e5 Nd5 4. Nf3 Nc6 5. Bc4 e6 6. O-O d6 7. exd6 Bxd6 8. d4
O-O 9. Qd3 cxd4 10. cxd4 Na5 11. Ng5 Nf6 12. Bb5 Bd7 13. Nc3 Bxb5 14. Nxb5 h6
15. Nf3 Nc6 16. a3 a6 17. Nc3 Bc7 1/2-1/2

[Event "4NCL/Div1/AD vs. BET"]
[Site "Wokefield Park ENG"]
[Date "2007.05.05"]
[Round "9.7"]
[White "Anderton, David"]
[Black "Ledger, David J"]
[Result "0-1"]
[WhiteElo "2247"]
[BlackElo "2287"]
[PlyCount "84"]
[EventDate "2007.05.05"]
[EventType "team"]
[EventRounds "11"]
[EventCountry "ENG"]
[WhiteTeam "The ADs"]
[BlackTeam "Betsson.com"]

1. d4 f5 2. Nc3 d5 3. Bg5 c6 4. e3 Qd6 5. Nf3 Nf6 6. Bxf6 Qxf6 7. Bd3 Nd7 8.
O-O e6 9. Ne2 Bd6 10. c3 O-O 11. g3 g5 12. Qc2 Qg6 13. h4 h6 14. hxg5 hxg5 15.
Kg2 Nf6 16. Rh1 Bd7 17. Rag1 Kg7 18. Qc1 b6 19. Ne1 c5 20. f3 Qf7 21. Rh2 Rh8
22. Rgh1 Rxh2+ 23. Rxh2 Rg8 24. Kf2 Kf8 25. Ng2 Ke7 26. Qh1 Rg7 27. Rh6 Rh7 28.
Rxh7 Qxh7 29. Qxh7+ Nxh7 30. g4 Kf6 31. Ng3 Nf8 32. e4 dxe4 33. fxe4 cxd4 34.
cxd4 Bxg3+ 35. Kxg3 f4+ 36. Kf3 e5 37. d5 Ke7 38. Ne1 Nh7 39. Bf1 Nf6 40. Bh3
Kd6 41. b4 Bb5 42. a3 Ba4 0-1

[Event "4NCL/Div1/AD vs. BET"]
[Site "Wokefield Park ENG"]
[Date "2007.05.05"]
[Round "9.8"]
[White "Ledger, Stephen C"]
[Black "Bellin, Jana"]
[Result "1/2-1/2"]
[WhiteElo "2183"]
[BlackElo "2142"]
[PlyCount "120"]
[EventDate "2007.05.05"]
[EventType "team"]
[EventRounds "11"]
[EventCountry "ENG"]
[WhiteTeam "Betsson.com"]
[BlackTeam "The ADs"]

1. d4 Nf6 2. Nf3 b6 3. Bf4 Bb7 4. e3 d6 5. h3 g6 6. Be2 c5 7. c3 Bg7 8. O-O O-O
9. Nbd2 Nbd7 10. Qb3 Qc7 11. a4 a6 12. Bh2 Bc6 13. Rfd1 h6 14. Ne1 b5 15. axb5
axb5 16. Bf3 Bxf3 17. Nexf3 Qc6 18. Qc2 Rxa1 19. Rxa1 Ra8 20. Qb1 Ra6 21. Rxa6
Qxa6 22. e4 Ne8 23. Bf4 Nc7 24. Be3 Qa4 25. Nf1 Ne6 26. Qd3 c4 27. Qd2 Kh7 28.
Ng3 Qa1+ 29. Qc1 Qxc1+ 30. Bxc1 Nb6 31. Ne1 Na4 32. Nc2 h5 33. Ne2 Bh6 34. f4
Kg7 35. g4 hxg4 36. hxg4 Kf8 37. Kf2 Ke8 38. Kf3 Kf8 39. g5 Bg7 40. Ne3 Nc7 41.
f5 gxf5 42. exf5 Nb6 43. Nf4 e5 44. fxe6 Nxe6 45. Kg4 Nxf4 46. Kxf4 Ke8 47. Ke4
Kd7 48. Nd5 Nxd5 49. Kxd5 Bf8 50. Be3 Be7 51. Ke4 Ke6 52. d5+ Kd7 53. Kf5 Bd8
54. Bd4 Ke8 55. Ba7 Kd7 56. Be3 Be7 57. Bg1 Ke8 58. Bf2 Kd7 59. Bd4 Bd8 60. Bf2
Be7 1/2-1/2

[Event "4NCL/Div1/NWE1 vs. HKF1"]
[Site "Wokefield Park ENG"]
[Date "2007.05.05"]
[Round "9.1"]
[White "Hague, Ben"]
[Black "Wells, Peter K"]
[Result "0-1"]
[WhiteElo "2303"]
[BlackElo "2499"]
[PlyCount "122"]
[EventDate "2007.05.05"]
[EventType "team"]
[EventRounds "11"]
[EventCountry "ENG"]
[WhiteTeam "N W Eagles 1"]
[BlackTeam "H Kingfisher 1"]

1. e4 c5 2. d4 cxd4 3. c3 dxc3 4. Nxc3 Nc6 5. Nf3 d6 6. Bc4 a6 7. O-O Nf6 8.
Bf4 Bg4 9. Qb3 e6 10. Ng5 Na5 11. Qa4+ Nd7 12. f3 Nxc4 13. Qxc4 Bh5 14. Rf2 Be7
15. Nh3 O-O 16. Rd1 Rc8 17. Qb3 Nc5 18. Qa3 Qb6 19. b4 Nd7 20. Na4 Qc7 21. Rfd2
e5 22. Be3 b5 23. Nb2 Qc3 24. Qxc3 Rxc3 25. Kf2 f5 26. exf5 Rxf5 27. Nd3 e4 28.
Ndf4 exf3 29. gxf3 Bh4+ 30. Ke2 Bf7 31. Rxd6 Re5 32. Ng2 Nf8 33. R1d4 Bf6 34.
Rg4 Re6 35. Rd2 Rec6 36. Nhf4 h5 37. Rg3 Rc2 38. Rh3 Bxa2 39. Nxh5 Bc4+ 40. Kf2
Rxd2+ 41. Bxd2 Bd4+ 42. Be3 Bc3 43. Ngf4 Bxb4 44. Ng3 Be6 45. Rh5 Rc2+ 46. Kg1
Bd6 47. Ne4 Bxf4 48. Bxf4 b4 49. Ra5 b3 50. Be5 Ng6 51. Ba1 Nh4 52. Ng5 Rg2+
53. Kh1 b2 54. Bxb2 Rxb2 55. h3 Bxh3 56. f4 Bg2+ 57. Kg1 Nf3+ 58. Nxf3 Bxf3 59.
Rxa6 Rb4 60. Kf2 Rxf4 61. Kg3 Rf5 0-1

[Event "4NCL/Div1/NWE1 vs. HKF1"]
[Site "Wokefield Park ENG"]
[Date "2007.05.05"]
[Round "9.2"]
[White "Williams, Simon K"]
[Black "Morrison, Graham"]
[Result "1-0"]
[WhiteElo "2487"]
[BlackElo "2328"]
[PlyCount "57"]
[EventDate "2007.05.05"]
[EventType "team"]
[EventRounds "11"]
[EventCountry "ENG"]
[WhiteTeam "H Kingfisher 1"]
[BlackTeam "N W Eagles 1"]

1. d4 Nf6 2. c4 e6 3. Nf3 Bb4+ 4. Nbd2 d5 5. e3 O-O 6. Be2 b6 7. O-O Bb7 8. a3
Be7 9. b4 c5 10. bxc5 bxc5 11. Rb1 Qc7 12. cxd5 Bxd5 13. Qc2 Nbd7 14. e4 Bb7
15. Bb2 Rac8 16. Rfc1 Qb8 17. d5 exd5 18. exd5 Qa8 19. Nh4 g6 20. Nf5 gxf5 21.
Qxf5 Bxd5 22. Bd3 c4 23. Qg5+ Kh8 24. Bxh7 c3 25. Bf5 cxb2 26. Qh6+ Kg8 27. Re1
Rc1 28. Nf1 Ba2 29. Re3 1-0

[Event "4NCL/Div1/NWE1 vs. HKF1"]
[Site "Wokefield Park ENG"]
[Date "2007.05.05"]
[Round "9.3"]
[White "van der Linden, Lukas"]
[Black "Arkell, Keith C"]
[Result "0-1"]
[WhiteElo "2282"]
[BlackElo "2474"]
[PlyCount "218"]
[EventDate "2007.05.05"]
[EventType "team"]
[EventRounds "11"]
[EventCountry "ENG"]
[WhiteTeam "N W Eagles 1"]
[BlackTeam "H Kingfisher 1"]

1. d4 Nf6 2. c4 e6 3. Nf3 b6 4. g3 Ba6 5. b3 b5 6. Bg2 bxc4 7. Ne5 Bb4+ 8. Bd2
cxb3 9. axb3 Bxd2+ 10. Qxd2 c6 11. O-O O-O 12. Rc1 Bb7 13. Na3 Na6 14. Nac4 Qe7
15. Na5 Bc8 16. Ra4 Nc7 17. Rca1 Nb5 18. Nd3 Nd5 19. e3 Rb8 20. Nc5 f5 21. Rc4
e5 22. dxe5 Qxe5 23. Rac1 Nbc7 24. Rd4 Qe7 25. e4 fxe4 26. Rxe4 Qf7 27. Rh4 g6
28. Nc4 Qe7 29. Na5 Rb5 30. Nd3 Ba6 31. Re1 Qf6 32. Ne5 Qg7 33. Bf1 Rb6 34. Bh3
Bc8 35. Nec4 Rb4 36. Rhe4 Qc3 37. Qh6 Qf3 38. Qd2 Qc3 39. Qa2 Qf6 40. Qd2 Rb5
41. Ne5 Qg7 42. Bf1 Rb6 43. h4 Nf6 44. Ra4 Ne6 45. Nac4 Rxb3 46. Rxa7 Qe7 47.
Qd6 Qd8 48. Bg2 Ne8 49. Qd1 Qf6 50. Rf1 Nc5 51. Ng4 Qc3 52. Nd6 Nxd6 53. Qxd6
Ne6 54. Ne5 Qc5 55. Qxc5 Nxc5 56. Kh2 Re8 57. Ng4 Rf8 58. Re1 Ne6 59. f4 Rb7
60. Ra3 Nc7 61. Re2 Nb5 62. Ra5 Nd4 63. Rea2 d6 64. Ne3 Be6 65. R2a4 Nb3 66.
Ra7 Rxa7 67. Rxa7 Nd4 68. Re7 d5 69. Nc2 Nxc2 70. Rxe6 Nd4 71. Re7 Rf7 72. Re8+
Kg7 73. Rc8 h5 74. Kg1 Ra7 75. Bh3 Ra2 76. Bd7 Rc2 77. Kf1 Kf6 78. Rc7 c5 79.
Be8 c4 80. Rc5 c3 81. Rxd5 Rc1+ 82. Kf2 c2 83. Rxd4 Rf1+ 84. Kxf1 c1=Q+ 85. Ke2
Qc2+ 86. Ke3 Qc3+ 87. Rd3 Qe1+ 88. Kf3 Qxe8 89. Re3 Qa8+ 90. Kf2 Qa7 91. Kf3
Qb7+ 92. Kf2 Qb6 93. Kf3 Qc6+ 94. Kf2 Qc5 95. Kf3 Qd5+ 96. Kf2 Qd2+ 97. Re2
Qd4+ 98. Kf3 Qd3+ 99. Kf2 Kf5 100. Re3 Qd2+ 101. Kf3 Qd5+ 102. Kf2 Kg4 103. Ke2
Qg2+ 104. Kd3 Qxg3 105. Rxg3+ Kxg3 106. Ke4 Kxh4 107. Kf3 Kh3 108. f5 gxf5 109.
Kf4 h4 0-1

[Event "4NCL/Div1/NWE1 vs. HKF1"]
[Site "Wokefield Park ENG"]
[Date "2007.05.05"]
[Round "9.4"]
[White "Gormally, Daniel W"]
[Black "Kennaugh, Charles W"]
[Result "0-1"]
[WhiteElo "2518"]
[BlackElo "2288"]
[PlyCount "92"]
[EventDate "2007.05.05"]
[EventType "team"]
[EventRounds "11"]
[EventCountry "ENG"]
[WhiteTeam "H Kingfisher 1"]
[BlackTeam "N W Eagles 1"]

1. d4 d5 2. c4 c6 3. Nf3 e6 4. Qc2 Nd7 5. g3 Ngf6 6. Bg2 Bd6 7. O-O O-O 8. Nbd2
Qe7 9. Re1 b6 10. b3 Bb7 11. e4 Nxe4 12. Nxe4 dxe4 13. Rxe4 Nf6 14. Re2 Rfe8
15. a3 c5 16. dxc5 bxc5 17. Bb2 Bxf3 18. Bxf3 Rab8 19. Rd1 Rb6 20. Rd3 Rc8 21.
Qd1 Ne8 22. Red2 Rcb8 23. Kg2 a6 24. Be4 h6 25. f4 Qc7 26. Re3 a5 27. a4 Kf8
28. Bc2 g6 29. Qg4 Rd8 30. Qh4 Bxf4 31. Rxd8 Bxe3 32. Qf6 Qc6+ 33. Qf3 Qxf3+
34. Kxf3 Bg5 35. Ra8 Bd2 36. Ba3 Rc6 37. Be4 Rc7 38. Ke2 Bc3 39. Bc1 g5 40. h4
f5 41. Bf3 g4 42. Bxh6+ Kf7 43. Bg2 Nf6 44. Bf4 e5 45. Bg5 e4 46. Bf4 Rb7 0-1

[Event "4NCL/Div1/NWE1 vs. HKF1"]
[Site "Wokefield Park ENG"]
[Date "2007.05.05"]
[Round "9.5"]
[White "Macak, Stefan"]
[Black "Mogranzini, Roberto"]
[Result "1/2-1/2"]
[WhiteElo "2371"]
[BlackElo "2421"]
[PlyCount "64"]
[EventDate "2007.05.05"]
[EventType "team"]
[EventRounds "11"]
[EventCountry "ENG"]
[WhiteTeam "N W Eagles 1"]
[BlackTeam "H Kingfisher 1"]

1. e4 c5 2. Nf3 d6 3. d4 cxd4 4. Nxd4 Nf6 5. Nc3 a6 6. Bg5 e6 7. f4 Be7 8. Qf3
Qc7 9. O-O-O Nbd7 10. Bd3 h6 11. Qh3 Nb6 12. f5 e5 13. Nde2 Bd7 14. Be3 Bc6 15.
Qf3 O-O-O 16. Bxb6 Qxb6 17. Bc4 Nxe4 18. Nxe4 d5 19. Bd3 dxe4 20. Bxe4 Bg5+ 21.
Kb1 Rxd1+ 22. Rxd1 Rd8 23. Rxd8+ Qxd8 24. Nc3 Qd2 25. a3 Bxe4 26. Qxe4 Qd4 27.
Ka2 Kc7 28. Kb3 b5 29. Qxd4 exd4 30. Ne4 Be7 31. c4 dxc3 32. Kxc3 Kc6 1/2-1/2

[Event "4NCL/Div1/NWE1 vs. HKF1"]
[Site "Wokefield Park ENG"]
[Date "2007.05.05"]
[Round "9.6"]
[White "Greet, Andrew N"]
[Black "Tebb, David J"]
[Result "1-0"]
[WhiteElo "2434"]
[BlackElo "2219"]
[PlyCount "68"]
[EventDate "2007.05.05"]
[EventType "team"]
[EventRounds "11"]
[EventCountry "ENG"]
[WhiteTeam "H Kingfisher 1"]
[BlackTeam "N W Eagles 1"]

1. e4 c5 2. Nf3 d6 3. Bb5+ Nd7 4. d4 Ngf6 5. O-O cxd4 6. Qxd4 e5 7. Qd3 Be7 8.
Bg5 O-O 9. Bxd7 Nxd7 10. Bxe7 Qxe7 11. Nc3 Nf6 12. Rad1 Rd8 13. Nd2 Bg4 14.
Rde1 Be6 15. Nc4 Qc7 16. Ne3 Rac8 17. Re2 Qb6 18. Rb1 Rxc3 19. Qxc3 Nxe4 20.
Qa3 d5 21. Rd1 Nf6 22. h3 d4 23. Nf1 e4 24. Ng3 Bc4 25. Ree1 d3 26. b3 Ba6 27.
cxd3 Bxd3 28. Rc1 g6 29. Qc5 Qa6 30. Qg5 Qb6 31. Nf5 Nd5 32. Ne7+ Nxe7 33. Qxe7
Qa5 34. b4 Qxa2 1-0

[Event "4NCL/Div1/NWE1 vs. HKF1"]
[Site "Wokefield Park ENG"]
[Date "2007.05.05"]
[Round "9.7"]
[White "Lyell, Mark"]
[Black "Fierro Baquero, Martha L"]
[Result "0-1"]
[WhiteElo "2203"]
[BlackElo "2339"]
[PlyCount "62"]
[EventDate "2007.05.05"]
[EventType "team"]
[EventRounds "11"]
[EventCountry "ENG"]
[WhiteTeam "N W Eagles 1"]
[BlackTeam "H Kingfisher 1"]

1. e4 g6 2. d4 Bg7 3. Nf3 c6 4. Nc3 d6 5. Bc4 Nf6 6. Bg5 O-O 7. e5 Ne8 8. h3
Nc7 9. exd6 Qxd6 10. Qd2 Be6 11. Ne4 Qd8 12. Bxe6 Nxe6 13. Bh6 Nd7 14. O-O-O
Nb6 15. Bxg7 Kxg7 16. Rhe1 Qd5 17. b3 a5 18. c4 Qf5 19. d5 cxd5 20. cxd5 Rac8+
21. Kb2 Rfd8 22. Nc3 Qf6 23. Ne5 Nc5 24. Ng4 Nca4+ 25. bxa4 Nxa4+ 26. Kb3 Qb6+
27. Kc2 Rxc3+ 28. Qxc3+ Nxc3 29. Kxc3 Qb4+ 30. Kc2 Qc4+ 31. Kb1 Rd6 0-1

[Event "4NCL/Div1/NWE1 vs. HKF1"]
[Site "Wokefield Park ENG"]
[Date "2007.05.05"]
[Round "9.8"]
[White "Richards, Heather"]
[Black "Lyell, Meri"]
[Result "0-1"]
[WhiteElo "2220"]
[BlackElo "2058"]
[PlyCount "60"]
[EventDate "2007.05.05"]
[EventType "team"]
[EventRounds "11"]
[EventCountry "ENG"]
[WhiteTeam "H Kingfisher 1"]
[BlackTeam "N W Eagles 1"]

1. e4 e5 2. Nc3 f5 3. exf5 Nf6 4. g4 h5 5. g5 Ng4 6. d4 exd4 7. Qxd4 Nc6 8.
Qe4+ Qe7 9. Bg2 Qxe4+ 10. Bxe4 Bc5 11. Nh3 Ne7 12. f3 Ne5 13. Nf4 c6 14. Nd3
Nxd3+ 15. Bxd3 d5 16. f6 gxf6 17. gxf6 Nf5 18. Ne2 Nh4 19. Nf4 Nxf3+ 20. Kd1
Bg4 21. h3 Bd7 22. Bg6+ Kd8 23. Bxh5 Ng5 24. h4 Ne4 25. Ke1 Ng3 26. Rh2 Nxh5
27. Nxh5 Rxh5 28. Bg5 Kc7 29. Kd2 Rg8 30. Rf1 Rgxg5 0-1

[Event "4NCL/Div1/3CS1 vs. WGR"]
[Site "Wokefield Park ENG"]
[Date "2007.05.05"]
[Round "9.2"]
[White "Baburin, Alexander"]
[Black "Davies, Nigel R"]
[Result "1-0"]
[WhiteElo "2545"]
[BlackElo "2501"]
[PlyCount "101"]
[EventDate "2007.05.05"]
[EventType "team"]
[EventRounds "11"]
[EventCountry "ENG"]
[WhiteTeam "Wood Green"]
[BlackTeam "3Cs Oldham"]

1. d4 d6 2. g3 Nd7 3. Bg2 e5 4. c4 exd4 5. Qxd4 Ngf6 6. Nf3 g6 7. Nc3 Bg7 8.
Qe3+ Qe7 9. Nb5 Qxe3 10. Bxe3 Kd8 11. O-O a6 12. Nc3 Ng4 13. Bg5+ f6 14. Bd2
Nge5 15. b3 Nxf3+ 16. Bxf3 Ne5 17. Bg2 c6 18. Ne4 Kc7 19. Rad1 Rd8 20. c5 b6
21. cxd6+ Kb7 22. Bc3 Be6 23. Bxe5 fxe5 24. Ng5 Bg8 25. d7 Bf8 26. Rc1 Bd5 27.
Rfd1 Bh6 28. Rxd5 Bxg5 29. Rxc6 Kxc6 30. Rxe5+ Kd6 31. Rxg5 Ra7 32. Rd5+ Ke6
33. Rd3 Rc7 34. h4 Rc2 35. Bh3+ Kf7 36. Rf3+ Ke7 37. Re3+ Kd6 38. a4 b5 39.
axb5 axb5 40. Re8 Kc7 41. e4 Rc3 42. e5 Rxb3 43. e6 Rb1+ 44. Bf1 Re1 45. f4 b4
46. Kf2 Rxf1+ 47. Kxf1 b3 48. e7 Rxd7 49. Rc8+ Kxc8 50. e8=Q+ Kc7 51. Qe5+ 1-0

[Event "4NCL/Div1/3CS1 vs. WGR"]
[Site "Wokefield Park ENG"]
[Date "2007.05.05"]
[Round "9.3"]
[White "Haslinger, Stewart G"]
[Black "Turner, Matthew J"]
[Result "1-0"]
[WhiteElo "2450"]
[BlackElo "2489"]
[PlyCount "73"]
[EventDate "2007.05.05"]
[EventType "team"]
[EventRounds "11"]
[EventCountry "ENG"]
[WhiteTeam "3Cs Oldham"]
[BlackTeam "Wood Green"]

1. e4 c5 2. Nf3 g6 3. d4 Bg7 4. dxc5 Qa5+ 5. c3 Qxc5 6. Be3 Qa5 7. Bc4 Nc6 8.
Qb3 e6 9. Nbd2 Nf6 10. Bb5 Qc7 11. Bc5 d6 12. Ba3 Bd7 13. Rd1 Bf8 14. O-O a6
15. Bxc6 Bxc6 16. Rfe1 O-O-O 17. Nd4 d5 18. e5 Nd7 19. Bxf8 Rhxf8 20. N2f3 Nb6
21. Qc2 Rde8 22. Ng5 Nd7 23. Qe2 h6 24. Ngf3 f6 25. exf6 e5 26. f7 Rxf7 27.
Nxc6 bxc6 28. c4 Qb7 29. cxd5 cxd5 30. Qc2+ Kb8 31. Qxg6 Ref8 32. Qd6+ Ka7 33.
Nxe5 Nxe5 34. Rxe5 d4 35. Qxd4+ Ka8 36. Rd5 Rf4 37. Rd8+ 1-0